[Event "op"]
[Site "Oberwart"]
[Date "1997.07.07"]
[Round "3"]
[White "Zelcic, Robert"]
[Black "Herbst, Daniel"]
[Result "1-0"]
[WhiteElo "2455"]
[BlackElo "1844"]
[PlyCount "79"]
[EventDate "1997.07.07"]

1. e4 c5 2. Nf3 d6 3. d4 cxd4 4. Nxd4 Nf6 5. Nc3 a6 6. a4 e5 7. Nf3 Be7 8. Bg5
Nbd7 9. Nd2 h6 10. Be3 Nc5 11. b4 Ncd7 12. a5 b5 13. axb6 Nxb6 14. Bxb6 Qxb6
15. Bb5+ Bd7 16. Bxd7+ Nxd7 17. Nd5 Qc6 18. b5 {} 18... Qc8 19. bxa6 Bd8 20.
Qe2 O-O 21. a7 Nb6 22. Qa6 Qxa6 23. Rxa6 Nc8 24. Nc4 Rxa7 25. Rxa7 Nxa7 26.
Nxd6 Ba5+ 27. Ke2 Nc6 28. c3 Rb8 29. Nc4 Rb3 30. Nxa5 Nxa5 31. Ra1 Rb2+ 32. Ke3
Nc4+ 33. Kd3 Nd6 34. Ra6 Nb7 35. Ke3 Nc5 36. Ra5 Ne6 37. g3 Kh7 38. h4 Rc2 39.
Ra7 f6 40. Nxf6+ 1-0

[Event "op"]
[Site "Oberwart"]
[Date "1997.07.07"]
[Round "3"]
[White "Kamaryt, Thomas"]
[Black "Ruck, Robert"]
[Result "0-1"]
[WhiteElo "2190"]
[BlackElo "2450"]
[PlyCount "68"]
[EventDate "1997.07.07"]

1. e4 c5 2. c3 Nf6 3. e5 Nd5 4. d4 cxd4 5. Qxd4 e6 6. Nf3 Nc6 7. Qe4 Qc7 8. Bc4
Nde7 9. Bf4 Ng6 10. Bg3 b6 11. Nbd2 Bb7 12. Qe2 d6 13. exd6 Bxd6 14. Ne4 Bxg3
15. hxg3 O-O-O 16. Ba6 h6 17. Bxb7+ Kxb7 18. O-O e5 19. Rfd1 f5 20. Ned2 e4 {}
21. Nd4 Nxd4 22. cxd4 Rxd4 23. Nb3 Rxd1+ 24. Rxd1 Ne5 25. Qb5 Rc8 26. g4 fxg4
27. Rc1 Qd6 28. Na5+ Kb8 29. Rxc8+ Kxc8 30. Qe8+ Kc7 31. Nb3 g3 32. fxg3 Qd1+
33. Kh2 Ng4+ 34. Kh3 Nf2+ 0-1

[Event "op"]
[Site "Oberwart"]
[Date "1997.07.07"]
[Round "3"]
[White "Danner, Georg"]
[Black "Nielsen, Max"]
[Result "1-0"]
[WhiteElo "2430"]
[BlackElo "2255"]
[PlyCount "81"]
[EventDate "1997.07.07"]

1. d4 Nf6 2. Nf3 g6 3. c4 Bg7 4. Nc3 d6 5. e4 O-O 6. Be2 e5 7. d5 a5 8. Bg5 h6
9. Bh4 Na6 10. Nd2 Qe8 11. a3 Bd7 12. b3 Nh7 13. Rb1 h5 14. f3 Bh6 15. Bf2 Qe7
16. b4 axb4 17. axb4 Bf4 18. c5 dxc5 19. b5 Bxd2+ 20. Qxd2 Nb4 21. O-O b6 22.
f4 exf4 23. Qxf4 Ra3 24. Rbc1 Bg4 25. Bc4 Rc8 26. Bg3 Ra7 27. h3 Bd7 28. d6
cxd6 29. Qxf7+ Qxf7 30. Bxf7+ Kg7 31. Bxd6 Be8 32. Bc4 Bf7 33. Be5+ Kf8 34. Rf2
Ke8 35. Nd5 Nxd5 36. exd5 Rd8 37. Re1 Rc8 38. Bd6+ Kd8 39. Bg3 Rca8 40. h4 Ra1
{} 41. Rxf7 1-0

[Event "op"]
[Site "Oberwart"]
[Date "1997.07.07"]
[Round "3"]
[White "Huber, Wolfgang"]
[Black "Bawart, Markus"]
[Result "0-1"]
[WhiteElo "2185"]
[BlackElo "2325"]
[PlyCount "72"]
[EventDate "1997.07.07"]

1. e4 c5 2. c3 d5 3. exd5 Qxd5 4. d4 Nf6 5. Nf3 Bg4 6. Be2 e6 7. h3 Bh5 8. O-O
Nc6 9. Be3 cxd4 10. cxd4 Be7 11. Nc3 Qd6 12. a3 O-O 13. Qa4 Rac8 14. Rfd1 Rfd8
15. Rac1 Qb8 16. b4 Bd6 17. Qb3 Ne7 18. Bg5 Bf4 19. Bxf6 gxf6 20. Ra1 Qc7 21.
Ne4 Nd5 22. Nc5 b6 23. Nd3 Bh6 24. g4 Bg6 25. Bf1 Qb7 26. Nfe1 Nc3 27. Nc5 bxc5
28. Qxc3 cxd4 29. Qb2 e5 30. h4 Qd7 31. Bh3 f5 32. g5 Bg7 33. Nd3 e4 34. Nc5
Qb5 35. a4 Qb8 36. Rac1 Qf4 {} 0-1

[Event "op"]
[Site "Oberwart"]
[Date "1997.07.07"]
[Round "3"]
[White "Karall, Lorenz"]
[Black "Zsinka, Laszlo"]
[Result "0-1"]
[WhiteElo "2140"]
[BlackElo "2360"]
[PlyCount "104"]
[EventDate "1997.07.07"]

1. e4 e5 2. Nf3 Nc6 3. Be2 g6 4. c3 Bg7 5. Qc2 Nge7 6. d3 d6 7. h3 O-O 8. O-O
h6 9. Nh2 f5 10. Nd2 Be6 11. Qa4 Kh7 12. Nc4 Qd7 13. f3 Rad8 14. Ne3 f4 15.
Neg4 h5 16. Nf2 Bf6 17. Qc2 g5 18. Bd2 Rg8 19. Kh1 Ng6 20. Rg1 Nce7 21. Rad1 c5
22. b3 Nc6 23. Be1 Rc8 24. Qb1 a6 25. Rf1 b5 26. Kg1 Bd8 27. Qb2 Bb6 28. Kh1
Rg7 29. Rd2 b4 30. c4 a5 31. Rg1 Rcg8 32. Qb1 Ra8 33. Rb2 a4 34. Bd1 a3 35. Rd2
Rag8 36. Rf1 Nd4 37. Qc1 Bd8 38. Qb1 Nh8 39. Qa1 Nf7 40. Qc1 Nh6 41. Rg1 Rg6
42. Rf1 Kh8 43. Qa1 R8g7 44. Rg1 {} 44... g4 45. fxg4 hxg4 46. hxg4 Bh4 47.
Nh3 Bxe1 48. Rxe1 Nxg4 49. Nxg4 Bxg4 50. Bxg4 Qxg4 51. Qd1 f3 52. g3 Rh6 0-1

[Event "op"]
[Site "Oberwart"]
[Date "1997.07.07"]
[Round "3"]
[White "Kovacs, Gabor"]
[Black "Frosch, Ronald"]
[Result "0-1"]
[WhiteElo "2325"]
[BlackElo "1986"]
[PlyCount "110"]
[EventDate "1997.07.07"]

1. d4 d5 2. Nf3 Nf6 3. Bg5 e6 4. e3 Be7 5. Bd3 O-O 6. Nbd2 Nbd7 7. c3 c5 8. O-O
b6 9. Ne5 Nxe5 10. dxe5 Nd7 11. Bxe7 Qxe7 12. f4 Bb7 13. Nf3 f6 14. exf6 gxf6
15. Qe1 e5 16. Nh4 Kh8 17. Bf5 e4 18. Qg3 Rg8 19. Qh3 Nf8 20. Rfd1 Rd8 21. Rd2
Ba6 22. Kf2 Bd3 23. Rg1 {} 23... d4 24. cxd4 cxd4 25. Rc1 Qb4 26. Ke1 Rd5 27.
a3 Qa5 28. g4 Rc5 29. Rcd1 Rc2 30. exd4 Rxb2 31. Qe3 Rxd2 32. Rxd2 Qxa3 33. Kf2
Qb4 34. Nf3 a5 35. Kg3 a4 36. Bxe4 Bxe4 37. Qxe4 Qd6 38. Nh4 Qe6 39. Qf3 b5 40.
d5 Qe1+ 41. Rf2 b4 42. Ng2 Qe7 43. Re2 Qd7 44. Ne3 a3 45. Qe4 b3 46. Qb4 a2 47.
Qa3 Qb5 48. Qb2 Nd7 49. Re1 Qb4 50. Ra1 Rc8 51. Rc1 Rxc1 52. Qxc1 Qc5 53. Nc4
b2 54. Qxb2 Qg1+ 55. Kf3 a1=Q 0-1

[Event "op"]
[Site "Oberwart"]
[Date "1997.07.07"]
[Round "3"]
[White "Medvegy, Zoltan"]
[Black "Strauss, Anton"]
[Result "1/2-1/2"]
[WhiteElo "2295"]
[BlackElo "2240"]
[PlyCount "65"]
[EventDate "1997.07.07"]

1. e4 c5 2. Nf3 Nc6 3. d4 cxd4 4. Nxd4 Nf6 5. Nc3 e6 6. Ndb5 Bb4 7. a3 Bxc3+ 8.
Nxc3 d5 9. exd5 exd5 10. Bd3 d4 11. Ne4 Nxe4 12. Bxe4 Bf5 13. Bxf5 Qa5+ 14. c3
Qxf5 15. Qe2+ Qe6 16. Qxe6+ fxe6 17. cxd4 Nxd4 18. O-O Ne2+ 19. Kh1 Nxc1 20.
Raxc1 O-O 21. Rc7 Rf7 22. Rfc1 Rd8 23. Rxf7 Kxf7 24. Rc7+ Ke8 25. g3 Rd7 26.
Rc2 Ke7 27. Kg2 Kf6 28. Kf3 Rd5 29. Rc4 Rd3+ 30. Ke2 Rb3 31. Rc2 g5 32. Kd1 h5
33. Re2 {.} 1/2-1/2

[Event "op"]
[Site "Oberwart"]
[Date "1997.07.07"]
[Round "3"]
[White "Ivancsics, Michael"]
[Black "Petschar, Kurt"]
[Result "1/2-1/2"]
[WhiteElo "2240"]
[BlackElo "2270"]
[PlyCount "104"]
[EventDate "1997.07.07"]

1. d4 Nf6 2. c4 e6 3. Nf3 Bb4+ 4. Bd2 c5 5. Bxb4 cxb4 6. Qb3 a5 7. a3 bxa3 8.
bxa3 O-O 9. Nc3 d6 10. e3 Nbd7 11. Be2 b6 12. O-O Qe7 13. Rab1 Ba6 14. Nd2 Rfc8
15. Rfc1 Ra7 16. Nb5 Bxb5 17. Qxb5 Rac7 18. Qb2 h5 19. Bd1 d5 20. cxd5 exd5 21.
Rxc7 Rxc7 22. Ba4 Qd8 23. Rc1 Qc8 24. Rxc7 Qxc7 25. g3 Nf8 26. Nf3 Ng6 27. Kg2
Kf8 28. Qb3 Kg8 29. Qb5 Qd6 30. Qb2 Qc7 31. Qb3 Kf8 32. Bb5 Kg8 33. Bd3 Ne7 34.
Ne5 Nc8 35. Bb5 Ne7 36. h4 g6 37. Nd3 Ne4 38. Nf4 Qc3 39. Qa2 Qe1 40. Bd3 Nc3
41. Qb2 Kg7 42. Bf1 Nd1 43. Qe2 Qxe2 44. Bxe2 Nc3 45. Kf1 Kf8 46. Ke1 Ke8 47.
Bd3 b5 48. Kd2 Ne4+ 49. Bxe4 dxe4 50. Ne2 Nd5 51. Nc3 Nxc3 52. Kxc3 Kd7 {.}
1/2-1/2

[Event "op"]
[Site "Oberwart"]
[Date "1997.07.07"]
[Round "3"]
[White "Zoebisch, Herbert"]
[Black "Pingitzer, Harald"]
[Result "1/2-1/2"]
[WhiteElo "2240"]
[BlackElo "2260"]
[PlyCount "46"]
[EventDate "1997.07.07"]

1. d4 d6 2. c4 e5 3. Nf3 e4 4. Ng5 f5 5. Nc3 Be7 6. Nh3 c6 7. e3 Nf6 8. Nf4 Na6
9. h4 Nc7 10. d5 c5 11. Be2 a6 12. a4 Bd7 13. Rb1 Rb8 14. b4 b6 15. Qb3 O-O 16.
b5 axb5 17. axb5 Ra8 18. Bb2 Be8 19. g3 Bf7 20. O-O Nd7 21. Ra1 Ne5 22. Rxa8
Qxa8 23. Kg2 Qb7 {.} 1/2-1/2

[Event "op"]
[Site "Oberwart"]
[Date "1997.07.07"]
[Round "3"]
[White "Trabert, Betina"]
[Black "Deutsch, Ludwig"]
[Result "0-1"]
[WhiteElo "2250"]
[BlackElo "2210"]
[PlyCount "112"]
[EventDate "1997.07.07"]

1. e4 c5 2. c3 Nc6 3. d4 e5 4. dxe5 Nxe5 5. f4 Nc6 6. Bc4 Nf6 7. e5 d5 8. exf6
dxc4 9. Qe2+ Kd7 10. fxg7 Bxg7 11. Qg4+ Kc7 12. Qxg7 Re8+ 13. Ne2 Qe7 14. O-O
Qxe2 15. f5 Bd7 16. Bf4+ Kb6 17. Qg3 Ka6 18. Nd2 Bxf5 19. Rae1 Qd3 20. Rxe8
Rxe8 21. Re1 Qxg3 22. Bxg3 Rxe1+ 23. Bxe1 Ne5 24. Bg3 Nd3 25. Nxc4 Be6 26. b3
Nc1 27. Nd2 Ne2+ 28. Kf2 Nxc3 29. a3 Kb6 30. Be5 Nd5 31. h3 Kc6 32. Ke2 Ne7 33.
g4 Kd5 34. Bf6 Nc6 35. Kd3 b5 36. Kc3 a6 37. Kd3 Nb8 38. Bc3 Nd7 39. Nf3 f5 40.
g5 f4 41. h4 Bf5+ 42. Kd2 Bg4 43. Ne1 Ke4 44. Nd3 Bh5 45. Ba5 c4 46. bxc4 bxc4
47. Nb2 Bf7 48. Bc7 Kd4 49. Nd1 f3 50. Bg3 Ke4 51. Nc3+ Kf5 52. Ke3 Kg4 53. Bf2
Nc5 54. Ne4 Nxe4 55. Kxe4 c3 56. Kd3 Kh3 {} 0-1

[Event "op"]
[Site "Oberwart"]
[Date "1997.07.07"]
[Round "3"]
[White "Beck, Hartmuth"]
[Black "Kornthaler, Reinhard"]
[Result "1-0"]
[WhiteElo "2250"]
[BlackElo "2025"]
[PlyCount "143"]
[EventDate "1997.07.07"]

1. d4 Nf6 2. c4 g6 3. Nc3 Bg7 4. e4 d6 5. f4 O-O 6. Nf3 Na6 7. Be3 c5 8. d5 e6
9. dxe6 Bxe6 10. Be2 Re8 11. Qd2 Qa5 12. h3 Qb4 13. a3 Qb3 14. Qc1 Nc7 15. Nd2
Qb6 16. O-O Bd7 17. Rd1 Bc6 18. Bf3 a5 19. Bf2 Qa6 20. a4 Ne6 21. Nb5 Re7 22.
g3 Nd4 23. Bxd4 cxd4 24. Nxd6 Nd7 25. c5 b6 26. cxb6 Qxb6 27. e5 d3+ 28. Kg2
Bxf3+ 29. Nxf3 Nc5 30. Qc3 Rb8 31. Nc4 Qb7 32. Rab1 Nxa4 33. Qxd3 Qb4 34. Qd6
Reb7 35. Qxb4 Rxb4 36. Nxa5 Rxb2+ 37. Rxb2 Rxb2+ 38. Rd2 Rxd2+ 39. Nxd2 Bf8 40.
Ne4 Nb6 41. g4 Nd5 42. Kf3 Bb4 43. Nc6 Ba3 44. Nd4 Bb2 45. Ne2 Kg7 46. N4g3 Nc7
47. g5 h6 48. h4 hxg5 49. hxg5 Ne6 50. Ke4 Nc5+ 51. Kd5 Ne6 52. Ne4 Nc7+ 53.
Kc6 Ne6 54. Kd7 Nxf4 55. Nxf4 Bxe5 56. Nd5 f6 57. Ke6 {} 57... fxg5 58. Kxe5
g4 59. Ng3 Kf7 60. Kd6 g5 61. Kd7 Kf8 62. Nc7 Kf7 63. Ne8 Kf8 64. Nd6 Kg7 65.
Ke7 Kg8 66. Ne8 Kh7 67. Kf7 Kh8 68. Nc7 Kh7 69. Nd5 Kh6 70. Nf5+ Kh7 71. Nf6+
Kh8 72. Ne7 1-0

[Event "op"]
[Site "Oberwart"]
[Date "1997.07.07"]
[Round "3"]
[White "Mittelberger, Peter"]
[Black "Buchegger, Karl"]
[Result "1/2-1/2"]
[WhiteElo "2245"]
[BlackElo "1962"]
[PlyCount "42"]
[EventDate "1997.07.07"]

1. e4 c5 2. Nf3 e6 3. d4 cxd4 4. Nxd4 a6 5. Nc3 Qc7 6. Be2 b5 7. a3 Bb7 8. Bf3
Nf6 9. O-O d6 10. Re1 Be7 11. Nb3 Nbd7 12. Bf4 Ne5 13. Bxe5 dxe5 14. Na2 O-O
15. Nb4 Rfd8 16. Qe2 a5 17. Nd3 Ba6 18. Rac1 Rac8 19. Red1 b4 20. axb4 axb4 21.
Qe3 Bc4 {.} 1/2-1/2

[Event "op"]
[Site "Oberwart"]
[Date "1997.07.07"]
[Round "3"]
[White "Zsifkovits, Robert"]
[Black "Knoll, Hermann"]
[Result "0-1"]
[WhiteElo "2225"]
[BlackElo "2024"]
[PlyCount "24"]
[EventDate "1997.07.07"]

1. Nf3 Nf6 2. g3 b5 3. Bg2 Bb7 4. d4 e6 5. O-O d5 6. Nbd2 Nbd7 7. a4 b4 8. c4
c5 9. Re1 cxd4 10. Nxd4 Bc5 11. N4b3 Bxf2+ 12. Kxf2 Ng4+ {} 0-1

[Event "op"]
[Site "Oberwart"]
[Date "1997.07.07"]
[Round "3"]
[White "Janisch, Robert"]
[Black "Hager, Herbert"]
[Result "0-1"]
[WhiteElo "2090"]
[BlackElo "2190"]
[PlyCount "96"]
[EventDate "1997.07.07"]

1. d4 f5 2. Nc3 Nf6 3. Bg5 d5 4. f3 h6 5. Bf4 e6 6. Qd3 c5 7. dxc5 Bxc5 8. Qb5+
Nbd7 9. e4 fxe4 10. O-O-O e3 11. Na4 a6 12. Qd3 Ba7 13. Bxe3 Ne5 14. Qc3 Nc6
15. Bxa7 Nxa7 16. Nh3 Bd7 17. Qb4 b5 18. Bd3 Kf7 19. Nc5 Qe7 20. Nxa6 Qd8 21.
Qd2 Nc6 22. Nb4 Nxb4 23. Qxb4 Rxa2 24. Nf4 g5 25. Ng6 Re8 26. Ne5+ Kg7 27. h4
Qb6 28. Kb1 Ra4 {} 29. Nxd7 Qa7 30. Qxa4 Qxa4 31. Nxf6 Kxf6 32. hxg5+ hxg5 33.
Rde1 Ra8 34. Kc1 Qf4+ 35. Kb1 Qa4 36. Kc1 Qf4+ 37. Kb1 Re8 38. Rh6+ Ke7 39.
Rhxe6+ Kd8 40. R1e5 Kc7 41. Rxd5 b4 42. Bb5 Rh8 43. Rd7+ Kc8 44. Ra6 Kb8 45.
Rb6+ Kc8 46. Ra7 Rh1+ 47. Ka2 b3+ 48. Kxb3 Qe3+ 0-1

[Event "op"]
[Site "Oberwart"]
[Date "1997.07.07"]
[Round "3"]
[White "Fuchs, Georg"]
[Black "Lampersberger, Erhard"]
[Result "1/2-1/2"]
[WhiteElo "2180"]
[BlackElo "1960"]
[PlyCount "51"]
[EventDate "1997.07.07"]

1. e4 e6 2. d4 d5 3. e5 c5 4. c3 Nc6 5. Nf3 Qb6 6. Be2 cxd4 7. cxd4 Nh6 8. Bxh6
Qxb2 9. Nbd2 gxh6 10. O-O Bg7 11. Nb3 O-O 12. a3 f6 13. exf6 Rxf6 14. Qd3 Rxf3
15. Qxf3 Nxd4 16. Nxd4 Qxd4 17. Rac1 Qf6 18. Rc7 Qxf3 19. Bxf3 Be5 20. Re7 Rb8
21. Bxd5 Kf8 22. Rxe6 Bxe6 23. Bxe6 Rd8 24. g3 Rd3 25. Re1 Bf6 26. Re3 {.}
1/2-1/2

[Event "op"]
[Site "Oberwart"]
[Date "1997.07.07"]
[Round "3"]
[White "Haselhorst, Helmut"]
[Black "Volkmann, Friedrich"]
[Result "1/2-1/2"]
[WhiteElo "2165"]
[BlackElo "2380"]
[PlyCount "24"]
[EventDate "1997.07.07"]

1. d4 d5 2. Nf3 Nf6 3. c4 c6 4. g3 Bf5 5. Bg2 Bxb1 6. Rxb1 Qa5+ 7. Bd2 Qxa2 8.
c5 b5 9. Ra1 Qxb2 10. e3 Ne4 11. Rb1 Qa2 12. Ra1 Qb2 {.} 1/2-1/2

[Event "op"]
[Site "Oberwart"]
[Date "1997.07.07"]
[Round "3"]
[White "Kranzl, Peter"]
[Black "Sziebert, Adam"]
[Result "0-1"]
[WhiteElo "2205"]
[BlackElo "2300"]
[PlyCount "60"]
[EventDate "1997.07.07"]

1. e4 c5 2. c3 d5 3. exd5 Qxd5 4. d4 Nc6 5. Nf3 cxd4 6. cxd4 e5 7. Nc3 Bb4 8.
Bd2 Bxc3 9. Bxc3 e4 10. Ne5 Nxe5 11. dxe5 Ne7 12. Qa4+ Bd7 13. Qa3 Qe6 14. Rd1
O-O 15. Rd6 Qf5 16. Qc5 Be6 17. Be2 Ng6 18. O-O Bxa2 19. Ra1 b6 20. Qd4 Be6 21.
Ba6 Nf4 22. Re1 Qg4 23. Qxe4 Rad8 24. Bd2 Rxd6 25. exd6 Bd5 {} 26. Bxf4 Bxe4
27. Rxe4 g5 28. f3 Qxf4 29. Rxf4 gxf4 30. d7 Rd8 0-1

[Event "op"]
[Site "Oberwart"]
[Date "1997.07.07"]
[Round "3"]
[White "Schumi, Manfred"]
[Black "Sulyok, Michael"]
[Result "0-1"]
[WhiteElo "2235"]
[BlackElo "2220"]
[PlyCount "170"]
[EventDate "1997.07.07"]

1. e4 e5 2. Nf3 Nc6 3. Bb5 a6 4. Ba4 d6 5. c3 Bd7 6. d4 Nge7 7. Be3 Ng6 8. h4
Be7 9. g3 Bf6 10. d5 Nb8 11. c4 O-O 12. Bxd7 Nxd7 13. Nc3 Be7 14. Qe2 c5 15. a4
b6 16. Kf1 Re8 17. Kg2 Nf6 18. Nd2 Qd7 19. h5 Nf8 20. Nf1 h6 21. Bd2 N6h7 22.
Ne3 Bg5 23. Nf5 Bxd2 24. Qxd2 Qd8 25. f4 Kh8 26. Raf1 Ra7 27. Rf2 Nf6 28. Re2
N8h7 29. Qd3 Rb7 30. b3 Qd7 31. Qf3 Qd8 32. Nd1 b5 33. axb5 axb5 34. Nf2 bxc4
35. bxc4 Rb4 36. fxe5 Ng5 37. Nxd6 Rxe5 38. Nxf7+ Nxf7 39. Nd3 Rb8 40. Nxe5
Nxe5 41. Qf5 Nxc4 42. Rhe1 Qd6 43. Kh2 Ne5 44. Ra1 Rf8 45. Qe6 Qxe6 46. dxe6
Re8 47. Ra5 Rxe6 48. Rxc5 Nxh5 49. Kg2 Nf6 50. Rc7 Kh7 51. Ra7 h5 52. Rb7 Kh6
53. Kf2 Nfg4+ 54. Kg2 g6 55. Reb2 Nc4 56. Re2 Nce3+ 57. Kh3 Rxe4 58. Rb3 Re5
59. Rb6 Kg5 60. Reb2 Nf5 61. R6b3 Nf6 62. Rb4 Re3 63. R2b3 Rxb3 64. Rxb3 {}
64... Ne4 65. g4 Nf2+ 66. Kg2 Nxg4 67. Rb6 h4 68. Kh3 Nge3 69. Rb8 Nd5 70. Re8
Nf4+ 71. Kh2 Kg4 72. Re4 g5 73. Rb4 h3 74. Ra4 Nh4 75. Ra5 Nhg6 76. Ra8 Kh4 77.
Ra7 g4 78. Rh7+ Nh5 79. Rh6 g3+ 80. Kh1 Ngf4 81. Ra6 Nd3 82. Ra4+ Nhf4 83. Ra2
Nf2+ 84. Rxf2 gxf2 85. Kh2 Kg4 0-1

[Event "op"]
[Site "Oberwart"]
[Date "1997.07.08"]
[Round "4"]
[White "Ruck, Robert"]
[Black "Beim, Valeri"]
[Result "0-1"]
[WhiteElo "2450"]
[BlackElo "2555"]
[PlyCount "78"]
[EventDate "1997.07.08"]

1. c4 e5 2. g3 Nf6 3. Bg2 c6 4. d4 Bb4+ 5. Bd2 Bxd2+ 6. Qxd2 d6 7. Nc3 O-O 8.
e3 Re8 9. Nge2 e4 10. Rc1 d5 11. b3 Na6 12. cxd5 cxd5 13. Nf4 Nc7 14. O-O Ne6
15. Nxe6 Bxe6 16. Rc2 Qd7 17. Rfc1 Rec8 18. Na4 b6 19. Bf1 Bh3 20. Ba6 Rxc2 21.
Rxc2 Qf5 22. Be2 h5 23. Rc7 Nh7 24. Qd1 g6 25. Nc3 Ng5 26. Nb1 Bg4 27. Bxg4
hxg4 28. Kf1 Kg7 29. Nd2 Rh8 30. Kg2 Nf3 31. Nxf3 gxf3+ 32. Kh1 Qh3 33. Qg1 Rc8
34. Rxc8 Qxc8 35. g4 Qc2 36. h4 Qxa2 37. Qg3 Qb1+ 38. Kh2 Qf1 39. h5 Qg2+ {}
0-1

[Event "op"]
[Site "Oberwart"]
[Date "1997.07.08"]
[Round "4"]
[White "Baumegger, Siegfried"]
[Black "Agnos, Dimitri"]
[Result "1/2-1/2"]
[WhiteElo "2360"]
[BlackElo "2495"]
[PlyCount "95"]
[EventDate "1997.07.08"]

1. d4 Nf6 2. c4 g6 3. Nc3 Bg7 4. e4 O-O 5. Nf3 d6 6. Be2 e5 7. O-O Nc6 8. d5
Ne7 9. Ne1 Nd7 10. Nd3 f5 11. Bd2 Nf6 12. f3 f4 13. g4 g5 14. Be1 h5 15. h3 Ng6
16. c5 Rf7 17. cxd6 cxd6 18. Kg2 Bf8 19. a4 Rh7 20. Rh1 Bd7 21. a5 Be7 22. a6
bxa6 23. Rxa6 Kf7 24. Na2 Qh8 25. Bf2 hxg4 26. hxg4 Nh4+ 27. Bxh4 Rxh4 28. Nab4
Qh7 29. Rxh4 Qxh4 30. Qe1 Qh7 31. Qh1 Qg7 32. Qg1 Rh8 33. Rxa7 Qh7 34. Nf2 Bd8
35. Rb7 Qh4 36. Kf1 Kg6 37. Nc6 Bxc6 38. dxc6 Rh7 39. Rxh7 Qxh7 40. Kg2 Bb6 41.
Qh1 Qa7 42. Nd3 Bc7 43. Qg1 Qa4 44. Qc1 {} 44... Nxg4 45. b3 Qd4 46. fxg4
Qxe4+ 47. Bf3 Qxd3 48. Qc4 1/2-1/2

[Event "op"]
[Site "Oberwart"]
[Date "1997.07.08"]
[Round "4"]
[White "Vaulin, Alexander"]
[Black "Danner, Georg"]
[Result "1-0"]
[WhiteElo "2490"]
[BlackElo "2430"]
[PlyCount "117"]
[EventDate "1997.07.08"]

1. c4 g6 2. d4 f5 3. g3 Bg7 4. Bg2 d6 5. Nc3 Nf6 6. Nf3 O-O 7. O-O Na6 8. Rb1
c6 9. b4 Nc7 10. b5 Ne4 11. Bb2 Bd7 12. bxc6 bxc6 13. Qc2 Rb8 14. e3 h6 15. Ba1
Nxc3 16. Bxc3 g5 17. Rxb8 Qxb8 18. h4 g4 19. Nd2 Ne8 20. Rb1 Qa8 21. Qb3 Nf6
22. Qb7 d5 23. Qxa8 Rxa8 24. Rb7 {} 24... e6 25. Bb4 Bf8 26. Bxf8 Kxf8 27. Nb3
dxc4 28. Nc5 c3 29. Rb3 c2 30. Rc3 Rb8 31. Rxc2 Rb1+ 32. Kh2 Ke7 33. Nxd7 Kxd7
34. Bxc6+ Kd6 35. a4 a5 36. Kg2 Ra1 37. Bb5 Nd5 38. Rc6+ Ke7 39. Bc4 Rxa4 40.
Bxd5 exd5 41. Rxh6 {} 41... Ra1 42. Rh7+ Kf6 43. Rd7 Ke6 44. Ra7 Kf6 45. Ra6+
Ke7 46. h5 a4 47. Ra7+ Kf8 48. Ra5 Kg7 49. Rxd5 Kf6 50. Rd6+ Kg7 51. Rg6+ Kh7
52. Rf6 a3 53. Rxf5 Rb1 54. Ra5 Rb3 55. Ra6 Kg7 56. d5 Rd3 57. Rg6+ Kh7 58.
Rxg4 Rxd5 59. Ra4 1-0

[Event "op"]
[Site "Oberwart"]
[Date "1997.07.08"]
[Round "4"]
[White "Stanec, Nikolaus"]
[Black "Farago, Ivan"]
[Result "1-0"]
[WhiteElo "2460"]
[BlackElo "2440"]
[PlyCount "59"]
[EventDate "1997.07.08"]

1. d4 Nf6 2. Nf3 e6 3. g3 c5 4. Bg2 Qb6 5. O-O Nc6 6. dxc5 Bxc5 7. c4 Ne4 8. e3
O-O 9. a3 a5 10. Qc2 d5 11. Nbd2 Nf6 12. b3 d4 13. exd4 Bxd4 14. Rb1 h6 15. Ne4
Nxe4 16. Qxe4 e5 17. Nxd4 exd4 18. b4 axb4 19. axb4 Be6 20. b5 Ne7 21. Bb2 Nf5
22. Rfc1 Ra4 23. Ra1 Rxa1 24. Bxa1 Rc8 25. Qxb7 Qxb7 26. Bxb7 Rxc4 27. Rxc4
Bxc4 28. b6 d3 29. Bf3 Nd6 30. Be5 {} 1-0

[Event "op"]
[Site "Oberwart"]
[Date "1997.07.08"]
[Round "4"]
[White "Schwab, Rene"]
[Black "Zelcic, Robert"]
[Result "0-1"]
[WhiteElo "2280"]
[BlackElo "2455"]
[PlyCount "150"]
[EventDate "1997.07.08"]

1. e4 d5 2. Nc3 d4 3. Nce2 e5 4. f4 Nc6 5. Nf3 Bg4 6. Nxe5 Nxe5 7. fxe5 Qh4+ 8.
g3 Qh5 9. Bg2 Qxe5 10. d3 Bb4+ 11. c3 Bxe2 12. Kxe2 Bc5 13. Bf4 Qe6 14. Qa4+ c6
15. cxd4 b5 16. Qb3 Bxd4 17. Qxe6+ fxe6 18. Rac1 Kd7 19. Rc2 Ne7 20. Rhc1 Rhf8
21. Bf3 Rac8 22. b4 a5 23. bxa5 Ra8 24. a4 b4 25. Rc4 Bc3 26. Rc5 Ng6 27. Be3
e5 28. h4 Ra6 29. h5 Ne7 30. R1xc3 bxc3 31. Rxe5 Rb8 32. Bg4+ Kd8 33. Rc5 Rb3
34. Bd4 c2 35. Rxc2 Rxa5 36. Rc4 Rg5 37. Kf3 Rxd3+ 38. Kf4 h6 39. Bb6+ Ke8 40.
a5 g6 41. Be2 Rdxg3 42. Rd4 gxh5 43. Rd8+ Kf7 44. Bxh5+ Ke6 45. Re8 Rc3 46. Bd8
Kd7 47. Bf7 Ng6+ 48. Bxg6 Rxg6 49. Rh8 Re6 50. Bb6 Rc4 51. Rh7+ Re7 52. Rxh6
Rcxe4+ 53. Kf3 R4e6 54. Rh8 Re8 55. Rh7+ R6e7 56. Rh5 Rf8+ 57. Kg3 Rg7+ 58. Kh2
Rff7 59. Re5 Rg6 60. Rh5 Rgg7 61. Re5 Kd6 62. Rc5 Rb7 63. Rc3 Rg8 64. Rd3+ Ke5
65. Rg3 Rxg3 66. Kxg3 Kd5 67. Kf3 c5 68. Ke3 Kc4 69. Kd2 Kb4 70. Kc2 Kb5 71.
Bd8 Rd7 72. Bb6 Rg7 73. Kc3 Rg3+ 74. Kc2 Kc4 75. a6 {} 75... Ra3 0-1

[Event "op"]
[Site "Oberwart"]
[Date "1997.07.08"]
[Round "4"]
[White "Balinov, Ilia"]
[Black "Kummer, Helmut"]
[Result "1-0"]
[WhiteElo "2570"]
[BlackElo "2350"]
[PlyCount "65"]
[EventDate "1997.07.08"]

1. e4 c5 2. Nf3 Nf6 3. e5 Nd5 4. d4 cxd4 5. c3 e6 6. cxd4 b6 7. Nc3 Nxc3 8.
bxc3 Qc7 9. Bd2 Bb7 10. Bd3 d6 11. O-O Nd7 12. Ng5 dxe5 13. Qh5 g6 14. Qh3 Be7
15. Rae1 a6 16. f4 Bxg5 17. fxg5 Qd6 18. Be4 Bxe4 19. Rxe4 Qd5 20. Rh4 Qxa2 21.
Be3 Qd5 22. dxe5 a5 23. Rd4 Qb7 24. Bc1 Nxe5 25. Qh6 f5 26. gxf6 Nf7 27. Qg7
Rd8 28. Re1 Rxd4 29. Rxe6+ Kd8 30. cxd4 Qd7 31. Re7 Qxd4+ 32. Be3 Qb4 33. h3 {
} 1-0

[Event "op"]
[Site "Oberwart"]
[Date "1997.07.08"]
[Round "4"]
[White "Loginov, Valery"]
[Black "Beck, Hartmuth"]
[Result "1-0"]
[WhiteElo "2555"]
[BlackElo "2250"]
[PlyCount "107"]
[EventDate "1997.07.08"]

1. Nf3 Nf6 2. c4 g6 3. g3 Bg7 4. Bg2 O-O 5. d4 d6 6. O-O c6 7. Nc3 Qa5 8. e4
Bg4 9. h3 Bxf3 10. Bxf3 a6 11. Rb1 Qc7 12. Be3 Nbd7 13. Bg2 e5 14. d5 cxd5 15.
cxd5 b5 16. Qe2 Rfc8 17. Rfc1 Qd8 18. h4 h5 19. Bg5 Rc7 20. Bh3 Qf8 21. a4 b4
22. Na2 Rxc1+ 23. Rxc1 b3 24. Nb4 Nc5 25. Rc4 Nxa4 26. Nxa6 {} 26... Rxa6 27.
Rc8 Nc5 28. Rxf8+ Kxf8 29. Qb5 Kg8 30. f3 Ra1+ 31. Bf1 Nfd7 32. Bd2 Rb1 33. Bc3
Bh6 34. Kf2 Kf8 35. Bd3 Rc1 36. Ke2 Ke7 37. Bc4 Rc2+ 38. Ke1 Rg2 39. Bxb3 Nxb3
40. Qxb3 Rxg3 41. Bb4 Rg1+ 42. Ke2 Ra1 43. Qc4 Rc1 44. Qa6 Nc5 45. Bxc5 Rxc5
46. Qa7+ Ke8 47. b4 Rc3 48. b5 Be3 49. b6 Bxb6 50. Qxb6 Ke7 51. Qb7+ Ke8 52.
Qb4 Rc5 53. f4 exf4 54. Kf3 1-0

[Event "op"]
[Site "Oberwart"]
[Date "1997.07.08"]
[Round "4"]
[White "Bawart, Markus"]
[Black "Cvitan, Ognjen"]
[Result "0-1"]
[WhiteElo "2325"]
[BlackElo "2550"]
[PlyCount "80"]
[EventDate "1997.07.08"]

1. e4 c5 2. Nf3 e6 3. c3 Nf6 4. d3 Nc6 5. Be2 Be7 6. O-O O-O 7. Re1 b6 8. Bf1
Ba6 9. a3 d6 10. b4 Ne5 11. c4 Nxf3+ 12. Qxf3 Bb7 13. b5 a6 14. Nc3 Nd7 15. Rb1
Bf6 16. bxa6 Rxa6 17. Nb5 Bc6 18. Qd1 Bxb5 19. cxb5 Ra7 20. Qb3 Bd4 21. Be2 Ne5
22. g3 Qa8 23. Bd1 Kh8 24. Kg2 d5 25. Qc2 f5 26. exf5 c4 27. Be2 exf5 28. f4
cxd3 29. Bxd3 Nxd3 30. Qxd3 Bc5 31. Rb3 Ra4 32. Re5 Rd4 33. Qf3 Re4 34. Rd3 Bd4
{} 35. Be3 Bxe5 36. fxe5 Qb7 37. Bd4 h6 38. Qh5 Kh7 39. Bb2 d4 40. Kh3 Qd5 0-1

[Event "op"]
[Site "Oberwart"]
[Date "1997.07.08"]
[Round "4"]
[White "Kobalija, Mihail"]
[Black "Rieke, Theo"]
[Result "1-0"]
[WhiteElo "2545"]
[BlackElo "2215"]
[PlyCount "71"]
[EventDate "1997.07.08"]

1. e4 c5 2. Nf3 d6 3. d4 cxd4 4. Nxd4 Nf6 5. Nc3 Nc6 6. Bc4 e6 7. Be3 a6 8. Qe2
Be7 9. O-O-O Qc7 10. Bb3 O-O 11. Rhg1 b5 12. g4 b4 13. Nd5 exd5 14. Nxc6 Qxc6
15. g5 Bb7 16. gxf6 Bxf6 17. Qf3 Be5 18. Bh6 {} 18... g6 19. Bxd5 Qc7 20. Bxb7
Qxb7 21. Bxf8 Rxf8 22. Qe3 Re8 23. f4 Bg7 24. Rge1 Qc6 25. Rd5 Qxd5 26. exd5
Rxe3 27. Rxe3 Bh6 28. Re4 a5 29. Kd2 Kg7 30. Ke3 Kf6 31. Kf3 Kf5 32. c3 bxc3
33. bxc3 g5 34. fxg5 Bxg5 35. c4 Bd2 36. c5 1-0